000 00568nam a2200181Ia 4500
003 GCL
008 140319s9999 xx 000 0 ara d
040 _aGCL /
_cGCL
082 0 4 _a770.28
_bف ا
100 1 _aفانيمان، مارك
245 1 0 _aاساليب طبع وتحميض الصور الفوتغرافية في المنزل /
_cفانيمان، مارك
700 1 _aمحمد طريف فرعون (مترجم)
300 _a100 ص
490 _a
650 0 4 _aصور الاشخاص
650 0 4 _aالافلام - تحميض وطبع
942 _2ddc
_cBK
999 _c44418
_d44418